|
|
|
|
| LEADER |
02943nam a2200625 a 4500 |
| 001 |
nkc20061638395 |
| 003 |
CZ PrNK |
| 005 |
20060822143930.0 |
| 007 |
ta |
| 008 |
060117s2006 xr a f m 000 0 cze |
| 015 |
|
|
|a cnb001638395
|
| 020 |
|
|
|a 80-248-1003-4
|q (brož.) :
|c neprodejné
|
| 035 |
|
|
|a (OCoLC)85717923
|
| 040 |
|
|
|a BOA001
|b cze
|
| 043 |
|
|
|a e-xr---
|b e-xr-mo
|2 czenas
|
| 072 |
|
7 |
|a 332
|x Regionální ekonomie, regionální ekonomika
|2 Konspekt
|9 4
|
| 080 |
|
|
|a 332.33
|2 MRF
|
| 080 |
|
|
|a 332.055.2
|2 MRF
|
| 080 |
|
|
|a 71
|2 MRF
|
| 080 |
|
|
|a 502.174
|2 MRF
|
| 080 |
|
|
|a (437.326)
|2 MRF
|
| 080 |
|
|
|a (043.5)
|2 MRF
|
| 080 |
|
|
|a (048.3)
|2 MRF
|
| 100 |
1 |
|
|a Vojvodíková, Barbara,
|d 1975-
|7 mzk2004248933
|4 aut
|
| 245 |
1 |
0 |
|a Specifika a možnosti využití brownfields vzniklých v důsledku útlumu hlubinné těžby na Ostravsku :
|b autoreferát habilitační práce pro jednání Vědecké rady FAST VŠB-TUO 10.3.2006 /
|c Barbara Vojvodíková
|
| 250 |
|
|
|a 1. vyd.
|
| 260 |
|
|
|a Ostrava :
|b VŠB - Technická univerzita,
|c 2006
|
| 300 |
|
|
|a 44 s. :
|b il. ;
|c 21 cm
|
| 490 |
1 |
|
|a Vědecké publikace Fakulty stavební Vysoké školy báňské - Technické univerzity Ostrava. Doktorské disertační, habilitační a inaugurační spisy,
|x 1213-7456
|
| 500 |
|
|
|a Autoreferát habilitační práce--Vysoká škola báňská - Technická univerzita Ostrava, Fakulta stavební, 2006
|
| 500 |
|
|
|a Nad názvem: Vysoká škola báňská-Technická univerzita, Fakulta stavební, Katedra stavebních hmot a hornického stavitelství
|
| 500 |
|
|
|a 50 výt.
|
| 504 |
|
|
|a Obsahuje bibliografii
|
| 650 |
0 |
7 |
|a brownfields
|7 ph311256
|z Česko
|2 czenas
|
| 650 |
0 |
7 |
|a regionální rozvoj
|7 ph125083
|z Česko
|2 czenas
|
| 650 |
0 |
7 |
|a územní plánování
|7 ph128364
|z Česko
|2 czenas
|
| 650 |
0 |
7 |
|a rekultivace
|7 ph125100
|z Česko
|2 czenas
|
| 650 |
0 |
9 |
|a brownfields
|z Czechia
|2 eczenas
|
| 650 |
0 |
9 |
|a regional development
|z Czechia
|2 eczenas
|
| 650 |
0 |
9 |
|a town and country planning
|z Czechia
|2 eczenas
|
| 650 |
0 |
9 |
|a soil remediation
|z Czechia
|2 eczenas
|
| 655 |
|
7 |
|a habilitační práce
|7 fd185153
|2 czenas
|
| 655 |
|
7 |
|a autoreferáty
|7 fd131857
|2 czenas
|
| 655 |
|
9 |
|a habilitation theses
|2 eczenas
|
| 655 |
|
9 |
|a autoabstracts
|2 eczenas
|
| 651 |
|
7 |
|a Ostrava (Česko : oblast)
|7 ge130341
|2 czenas
|
| 651 |
|
9 |
|a Ostrava Region (Czechia)
|2 eczenas
|
| 710 |
2 |
|
|a Vysoká škola báňská - Technická univerzita Ostrava.
|b Katedra stavebních hmot a hornického stavitelství
|7 mzk2003185855
|
| 810 |
2 |
|
|a Vysoká škola báňská - Technická univerzita Ostrava.
|b Stavební fakulta.
|t Vědecké publikace.
|p Doktorské disertační, habilitační a inaugurační spisy
|0 s
|
| 910 |
2 |
|
|a BOA001
|b 2-1169.175
|
| 928 |
9 |
|
|a Vysoká škola báňská - Technická univerzita
|
| 990 |
|
|
|a BK
|
| 995 |
|
|
|a 01
|
| 991 |
|
|
|b 200605
|c NOV
|
| 996 |
6 |
|
|b 2610278631
|c 2-1169.175
|l MZK
|r Sklad / do 1 hodiny
|n 22
|p p.v.
|w 000815358
|u 000010
|a 1
|e BOA001
|j MZK50
|s P
|